Managing Indian banks : (Record no. 29017)

MARC details
000 -LEADER
fixed length control field 01154nam a2200301 a 4500
005 - DATE AND TIME OF LATEST TRANSACTION
control field 20090807160951.0
008 - FIXED-LENGTH DATA ELEMENTS--GENERAL INFORMATION
fixed length control field 090113s2009 ii a b 001 0 eng
010 ## - LCCN (DPL NO)
LC control number ENG-94673
020 ## - INTERNATIONAL STANDARD BOOK NUMBER
International Standard Book Number 9788178298528
Terms of availability 395.00
035 ## - SYSTEM CONTROL NUMBER
System control number EN-78206
037 ## - SOURCE OF ACQUISITION
Source of stock number/acquisition DBAD / PUB
040 ## - CATALOGING SOURCE
Original cataloging agency dpl
Language of cataloging English
082 ## - DEWEY DECIMAL CLASSIFICATION NUMBER
Classification number 332.1068
100 ## - MAIN ENTRY--PERSONAL NAME
Personal name Joshi, Vasant C.
245 ## - TITLE STATEMENT
Title Managing Indian banks :
Remainder of title the challenges ahead /
Statement of responsibility, etc by Vasant C. Joshi [and] Vinay V. Joshi
250 ## - EDITION STATEMENT
Edition statement 3rd ed.
260 ## - PUBLICATION, DISTRIBUTION, ETC. (IMPRINT)
Place of publication, distribution, etc New Delhi
Name of publisher, distributor, etc Response Books
Date of publication, distribution, etc 2009
270 ## - ADDRESS
Address B1/I-1 Mohan Cooperative Industrial Area, Mathura Road,
City New Delhi
Postal code 110044
300 ## - PHYSICAL DESCRIPTION
Extent xx, 337 p.
Dimensions 22cm(pbk)
504 ## - BIBLIOGRAPHY, ETC. NOTE
Bibliography, etc Includes bibliographical references and index
650 ## - SUBJECT ADDED ENTRY--TOPICAL TERM
Topical term or geographic name as entry element Bank management
Geographic subdivision India.
650 ## - SUBJECT ADDED ENTRY--TOPICAL TERM
Topical term or geographic name as entry element Banks and banking
General subdivision State supervision
Geographic subdivision India.
650 ## - SUBJECT ADDED ENTRY--TOPICAL TERM
Topical term or geographic name as entry element Bank management.
650 ## - SUBJECT ADDED ENTRY--TOPICAL TERM
Topical term or geographic name as entry element Banks and banking.
700 ## - ADDED ENTRY--PERSONAL NAME
Personal name Joshi, Vinay V.
942 ## - ADDED ENTRY ELEMENTS (KOHA)
Source of classification or shelving scheme Dewey Decimal Classification
Item type English Books
Classification part 332.1068
Call number suffix JOS
Holdings
Withdrawn status Lost status Source of classification or shelving scheme Damaged status Not for loan Collection code Home library Current library Date acquired Source of acquisition Cost, normal purchase price Total Checkouts Full call number Barcode Date last seen Copy number Cost, replacement price Koha item type
    Dewey Decimal Classification   Not For Loan Non-fiction D.B.Act.Division D.B.Act.Division 07/08/2009 DBAD / PUB 395.00   332.1068 JOS EN-78206 07/08/2009 1 395.00 English Books

© Delhi Public Library
Hit Counter
free hit counter